000
00242nam a22001097a 4500
082
_a
658.5 NAD'W
100
_a
NADLER, GERALD
_9
57216
245
_a
WORK SIMPLIFICATION
260
_a
NEWYORK
_b
MCGRAW HILL
_c
1957
300
_a
292P
942
_c
BK
999
_c
567508
_d
567508